000 00349nam a2200145Ia 4500
008 230711s9999||||xx |||||||||||||| ||und||
041 _aENG
082 _a5
_bGA-C
100 _aGary Bronson
245 2 _aA first book of C
250 _a1st
260 _c1990
_aNew Delhi
_bJaico Books Publishing House
650 _aComputer Engineering
942 _cBK
999 _c676
_d676